A to Z: USA - Statistics

General Stats
  • This quiz has been taken 111 times
  • The average score is 22 of 26
Answer Stats
Letter Hint Answer % Correct
A What is the largest state by area in the United States? Alaska
98%
B Which city is home to prestigious universities such as Harvard and MIT, and is often referred to as the intellectual capital of the United States? Boston
97%
H What is the largest city in Texas, known for its space exploration and the NASA Johnson Space Center? Houston
97%
K Which U.S. state is known as the "Sunflower State" and is famous for its flat landscapes and agriculture? Kansas
97%
N Which city is known as the "Big Apple"? New York City
97%
F What American automobile manufacturer was founded in 1903 and is known for popularizing assembly line production? Ford
96%
L Who was the 16th President of the United States, known for leading the nation during the Civil War and issuing the Emancipation Proclamation? Abraham Lincoln
93%
O Which U.S. state is known for its diverse landscapes, including the Cascade Range, Crater Lake, and a rugged coastline? Oregon
92%
U Which U.S. state is known for its stunning national parks, including Zion and Arches, and is home to Salt Lake City? Utah
90%
S What is the most popular last name in the United States? Smith
89%
I What is the name of the famous speech delivered by Martin Luther King Jr. in 1963? I Have a Dream
88%
V Which U.S. state is known for its historic Jamestown settlement and as the birthplace of George Washington? Virginia
88%
E Who was the 34th President of the United States, serving from 1953 to 1961, and was a five-star general during World War II? Dwight Eisenhower
87%
P Which U.S. territory is known for its unique blend of American and indigenous culture and is located in the Caribbean? Puerto Rico
87%
R What is the national flower of the United States? Rose
87%
W Which U.S. state is known as the "Dairy State" and is famous for its cheese production? Wisconsin
86%
M Which state is known as the "Land of 10,000 Lakes"? Minnesota
85%
J What is the largest city in the state of Florida? Jacksonville
81%
Z What popular american video conferencing platform gained significant popularity during the COVID-19 pandemic? Zoom
81%
T Which political figure was the first president to be impeached by the House of Representatives twice? Donald Trump
77%
D What is the tallest mountain in America? Denali
71%
X What american company is often associated with photocopying machines and selling print and digital document products and services in more than 160 countries? Xerox
69%
C What is the capital city of Wyoming, known for its historic Frontier Days celebration? Cheyenne
65%
Q What is the name of the city in Massachusetts that is the birthplace of John Adams, and is known for its significant historical importance in American history? Quincy
59%
Y What popular american online platform is known for its user-generated reviews of local businesses? Yelp
57%
G What historic neighborhood in Washington, D.C., is known for its colonial architecture, waterfront views, and as the location of a university? Georgetown
55%
No matching quizzes found
Score Distribution
Percent of People with Each Score
Percentile by Number Answered
Your Score History
You have not taken this quiz